| 000 | 01351cam a22003375a 4500 | ||
|---|---|---|---|
| 999 |
_c121215 _d121215 |
||
| 001 | K121215 | ||
| 008 | 091001s2019 xxk f 001 0 eng d | ||
| 020 | _a9781138503519 | ||
| 035 | _a(Sirsi) u148552 | ||
| 041 | 0 | _aeng | |
| 050 | 0 | 4 | _a333.332 |
| 100 | 1 | _aShapiro, Eric | |
| 245 | 0 | 0 | _aModern methods of valuation |
| 250 | _a12th ed. | ||
| 260 |
_aLondon _bRoutledge _c2019 |
||
| 300 |
_axxxii,549p. _c22cm |
||
| 520 | _aReflects current changes in the regulatory and statutory framework for property valuations as at June 2018 as well as providing an overview to principles and methodology in property valuation. Covers different approaches to valuation including income approach, discounted cash flow and cost approach and residual method as well as how to value different types of properties including residential and commercial. Includes valuation for rating, taxation and compulsory purchase. Worked examples and case studies. | ||
| 520 | _aSupersedes 11th edition 9780080971179 Ebook | ||
| 590 | _aKA | ||
| 650 | _aIncome approach | ||
| 650 | _aDiscounted cash flow | ||
| 650 | _aResidual | ||
| 650 | _aYields | ||
| 650 | _aRed Book | ||
| 650 | _aInternational Valuation Standards | ||
| 651 | 4 | _aUnited Kingdom | |
| 690 |
_aValuation _96273 |
||
| 700 | 1 | _aSams, Gary | |
| 700 | 1 | _aMackmin, David | |
| 942 | _n0 | ||